000
00345 a2200169 4500
001
182096
020
_a
85-08-07129-9
040
_c
Magnum
100
_a
Sabino, Fernando
240
1
0
_a
Amor de Capitu
_l
por
245
1
0
_a
Amor de Capitu
300
_a
292
362
0
_a
2004
440
1
_a
Ática
697
_a
LITERATURA GERAL
942
_c
BK
999
_c
182096
_d
182096